00341nam a2200121Ia 4500008004100000041000800041082001400049100001600063245006100079260004000140300003000180365000900210240624s9999 xx 000 0 und d aeng a658.5 FRO aFROST CHRIS aOPERATIONAL RISK AND RESILIENCE UNDERSTANDING AND MINIMI c2001aBostonbButterworth Heinemann aix, : 306 : p. : cm. ; 23 cb30